000 00902nam a2200253Ia 4500
003 OSt
005 20221005104923.0
006 a|||||r|||| 00| 0
007 ta
008 221004b |||||||| |||| 00| 0 hin d
020 _a9789383424528 (hbk)
_cIndian Rupees 800
024 _a40598
037 _bGift, 25/10/2018,
_cTextual
040 _aCRL
_cCRL
_bhin
041 _2hin
_ahin
082 _aO152,1x, Q7
100 _aमिश्र, ज्योतिमा
245 0 _aप्रगतिशील कवि केदारनाथ सिंह
246 _aPragatishīl kavi kedāranāth sianha
260 _aदिल्ली
_bसूर्य भारती प्रकाशन भारत
_c2017
300 _a416पृ.
_ccm.
942 _hO152,1x, Q7
_cTEXL
_2cc
999 _c1014194
_d1014194